The Computer Bible / (Record no. 349)
[ view plain ]
| 000 -LEADER | |
|---|---|
| fixed length control field | 00986cam a22002771a 4500 |
| 001 - CONTROL NUMBER | |
| control field | 73209622 //r823 |
| 003 - CONTROL NUMBER IDENTIFIER | |
| control field | DLC |
| 005 - DATE AND TIME OF LATEST TRANSACTION | |
| control field | 20200129130613.0 |
| 008 - FIXED-LENGTH DATA ELEMENTS--GENERAL INFORMATION | |
| fixed length control field | 780306m19009999ohu 00000 grc |
| 010 ## - LIBRARY OF CONGRESS CONTROL NUMBER | |
| LC control number | 73209622 //r823 |
| 040 ## - CATALOGING SOURCE | |
| Original cataloging agency | DLC |
| Transcribing agency | DLC |
| Modifying agency | DLC |
| 041 0# - LANGUAGE CODE | |
| Language code of text/sound track or separate title | grchebeng |
| 050 00 - LIBRARY OF CONGRESS CALL NUMBER | |
| Classification number | BS421 |
| Item number | .C64 |
| 082 00 - DEWEY DECIMAL CLASSIFICATION NUMBER | |
| Classification number | 220.4/4 |
| Edition information | 19 |
| 245 04 - TITLE STATEMENT | |
| Title | The Computer Bible / |
| Statement of responsibility, etc. | J. Arthur Baird, David Noel Freedman, editors. |
| 260 0# - PUBLICATION, DISTRIBUTION, ETC. | |
| Place of publication, distribution, etc. | [Wooster, Ohio] : |
| Name of publisher, distributor, etc. | Biblical Research Associates, |
| Date of publication, distribution, etc. | <1973-c1980 > |
| 300 ## - PHYSICAL DESCRIPTION | |
| Extent | v. <2-4, 7-10, 13, 15-18, 20-24 > ; |
| Dimensions | 28 cm. |
| 500 ## - GENERAL NOTE | |
| General note | Hebrew and Greek; introductions in English. |
| 500 ## - GENERAL NOTE | |
| General note | Vols. 2, 8: Missoula, Mont. : Published by Scholars Press for Biblical Research Associates. |
| 630 #0 - SUBJECT ADDED ENTRY--UNIFORM TITLE | |
| Uniform title | Bible. O.T. |
| General subdivision | Concordances, Hebrew. |
| 630 00 - SUBJECT ADDED ENTRY--UNIFORM TITLE | |
| Uniform title | Bible. |
| Name of part/section of a work | N.T. |
| General subdivision | Concordances, Greek. |
| 700 10 - ADDED ENTRY--PERSONAL NAME | |
| Personal name | Baird, J. Arthur |
| Fuller form of name | (Joseph Arthur) |
| 700 10 - ADDED ENTRY--PERSONAL NAME | |
| Personal name | Freedman, David Noel, |
| Dates associated with a name | 1922- |
| 710 20 - ADDED ENTRY--CORPORATE NAME | |
| Corporate name or jurisdiction name as entry element | Biblical Research Associates. |
| 942 ## - ADDED ENTRY ELEMENTS (KOHA) | |
| Koha item type | Mixed Materials |
| Withdrawn status | Lost status | Damaged status | Not for loan | Collection | Home library | Current library | Shelving location | Date acquired | Barcode | Date last seen | Price effective from | Koha item type |
|---|---|---|---|---|---|---|---|---|---|---|---|---|
| Reference | Centerville | Centerville | General stacks | 09/04/2014 | 39999000015133 | 09/04/2014 | 09/04/2014 | Books | ||||
| Reference | Fairview | Fairview | General stacks | 09/04/2014 | 39999000015157 | 09/04/2014 | 09/04/2014 | Books | ||||
| Reference | Midway | Midway | General stacks | 09/04/2014 | 39999000015096 | 09/04/2014 | 09/04/2014 | Books | ||||
| Reference | Midway | Midway | General stacks | 09/04/2014 | 39999000015119 | 09/04/2014 | 09/04/2014 | Books |